<?xml version="1.0" encoding="UTF-8"?>
<record
    xmlns:xsi="http://www.w3.org/2001/XMLSchema-instance"
    xsi:schemaLocation="http://www.loc.gov/MARC21/slim http://www.loc.gov/standards/marcxml/schema/MARC21slim.xsd"
    xmlns="http://www.loc.gov/MARC21/slim">

  <leader>01585cam a22003854a 4500</leader>
  <controlfield tag="003">OSt</controlfield>
  <controlfield tag="005">20240530110423.0</controlfield>
  <controlfield tag="008">060803s2006    ua abo f b    000 0 fre</controlfield>
  <datafield tag="010" ind1=" " ind2=" ">
    <subfield code="a">  2006308773</subfield>
  </datafield>
  <datafield tag="020" ind1=" " ind2=" ">
    <subfield code="a">9782724704259</subfield>
  </datafield>
  <datafield tag="022" ind1=" " ind2=" ">
    <subfield code="2">11102470</subfield>
  </datafield>
  <datafield tag="040" ind1=" " ind2=" ">
    <subfield code="a">EG-CaGPL</subfield>
    <subfield code="c">EG-CaGPL</subfield>
  </datafield>
  <datafield tag="041" ind1="1" ind2=" ">
    <subfield code="a">fre</subfield>
    <subfield code="a">ara</subfield>
    <subfield code="h">fre</subfield>
  </datafield>
  <datafield tag="042" ind1=" " ind2=" ">
    <subfield code="a">lcode</subfield>
  </datafield>
  <datafield tag="043" ind1=" " ind2=" ">
    <subfield code="a">f-ua---</subfield>
  </datafield>
  <datafield tag="082" ind1="2" ind2="4">
    <subfield code="2">21</subfield>
    <subfield code="a">916.215</subfield>
    <subfield code="b">CC/C P</subfield>
  </datafield>
  <datafield tag="100" ind1="1" ind2=" ">
    <subfield code="a">Crosnier Leconte, Marie-.Laure</subfield>
  </datafield>
  <datafield tag="245" ind1="1" ind2="0">
    <subfield code="a">Port-Sa&#x131; &#x308;d :</subfield>
    <subfield code="b">architectures XIXe-XIXe si&#xE8;cles /</subfield>
    <subfield code="c">textes Marie-Laure Cronsnier-Leconte, Gamal Ghitani, Naguib Amin ; photographies Raymond Collet, Arnaud du Boistesselin = B&#x16B;r Sa&#x2BB;&#x12B;d : &#x2BB;im&#x101;rat al-qarn al-t&#x101;si&#x2BB; &#x2BB;ashar wa-al-qarn al-&#x2BB;ishr&#x12B;n / ta&#x2BE;l&#x12B;f M&#x101;r&#x12B;-L&#x16B;r Kr&#x16B;n&#x12B;y&#x12B;h-L&#x16B;k&#x16B;nt, Jam&#x101;l al-Gh&#x12B;&#x1E6D;&#x101;n&#x12B;, Naj&#x12B;b Am&#x12B;n.</subfield>
  </datafield>
  <datafield tag="246" ind1="3" ind2="1">
    <subfield code="a">B&#x16B;r Sa&#x2BB;&#x12B;d</subfield>
  </datafield>
  <datafield tag="260" ind1=" " ind2=" ">
    <subfield code="a">Le Caire :</subfield>
    <subfield code="b">Institut fran&#xE7;ais d'arch&#xE9;ologie orientale,</subfield>
    <subfield code="c">c2006.</subfield>
  </datafield>
  <datafield tag="300" ind1=" " ind2=" ">
    <subfield code="a">335 p. :</subfield>
    <subfield code="b">ill. (some col.), maps (some col.) ;</subfield>
    <subfield code="c">16 cm.</subfield>
  </datafield>
  <datafield tag="490" ind1="0" ind2=" ">
    <subfield code="a">Biblioth&#xE8;que g&#xE9;n&#xE9;rale,</subfield>
    <subfield code="x">1110-2470 ;</subfield>
    <subfield code="v">26</subfield>
  </datafield>
  <datafield tag="504" ind1=" " ind2=" ">
    <subfield code="a">Includes bibliographical references (p. 335).</subfield>
  </datafield>
  <datafield tag="546" ind1=" " ind2=" ">
    <subfield code="a">French and Arabic.</subfield>
  </datafield>
  <datafield tag="650" ind1=" " ind2="0">
    <subfield code="a">Architecture</subfield>
    <subfield code="z">Egypt</subfield>
    <subfield code="z">Port Said</subfield>
    <subfield code="x">History</subfield>
    <subfield code="y">19th century.</subfield>
  </datafield>
  <datafield tag="650" ind1=" " ind2="0">
    <subfield code="a">Architecture</subfield>
    <subfield code="z">Egypt</subfield>
    <subfield code="z">Port Said</subfield>
    <subfield code="x">History</subfield>
    <subfield code="y">20th century.</subfield>
  </datafield>
  <datafield tag="651" ind1=" " ind2="0">
    <subfield code="a">Port Said (Egypt)</subfield>
    <subfield code="x">Description and travel.</subfield>
  </datafield>
  <datafield tag="700" ind1="1" ind2=" ">
    <subfield code="a">Gh&#x12B;&#x1E6D;&#x101;n&#x12B;, Jam&#x101;l.</subfield>
  </datafield>
  <datafield tag="700" ind1="1" ind2=" ">
    <subfield code="a">Amin, Naguib.</subfield>
  </datafield>
  <datafield tag="700" ind1="1" ind2=" ">
    <subfield code="a">Collet, Raymond.</subfield>
  </datafield>
  <datafield tag="700" ind1="1" ind2=" ">
    <subfield code="a">Du Boistesselin, Arnaud.</subfield>
  </datafield>
  <datafield tag="942" ind1=" " ind2=" ">
    <subfield code="2">ddc</subfield>
    <subfield code="c">BK</subfield>
  </datafield>
  <datafield tag="999" ind1=" " ind2=" ">
    <subfield code="c">60698</subfield>
    <subfield code="d">60698</subfield>
  </datafield>
  <datafield tag="952" ind1=" " ind2=" ">
    <subfield code="0">0</subfield>
    <subfield code="1">0</subfield>
    <subfield code="2">ddc</subfield>
    <subfield code="4">0</subfield>
    <subfield code="7">0</subfield>
    <subfield code="a">CAI</subfield>
    <subfield code="b">CAI</subfield>
    <subfield code="d">2015-03-17</subfield>
    <subfield code="l">0</subfield>
    <subfield code="o">916.215 CC/C P</subfield>
    <subfield code="p">159800</subfield>
    <subfield code="r">2015-03-17 00:00:00</subfield>
    <subfield code="w">2015-03-17</subfield>
    <subfield code="y">BK</subfield>
  </datafield>
</record>
